Govt. of
Madhya Pradesh

Zakat in Islam (Record no. 36503)

MARC details
000 -LEADER
fixed length control field 004130000a22001690004500
003 - CONTROL NUMBER IDENTIFIER
control field MACL
005 - DATE AND TIME OF LATEST TRANSACTION
control field 20151230124758.0
008 - FIXED-LENGTH DATA ELEMENTS--GENERAL INFORMATION
fixed length control field 151230b xxu||||| |||| 00| 0 eng d
040 ## - CATALOGING SOURCE
Original cataloging agency MACL
Transcribing agency MACL
041 ## - LANGUAGE CODE
Language code of text/sound track or separate title English
082 ## - DEWEY DECIMAL CLASSIFICATION NUMBER
Classification number 297/JAI
100 ## - MAIN ENTRY--PERSONAL NAME
Personal name Ali, Mohammad
9 (RLIN) 2174
245 ## - TITLE STATEMENT
Title Zakat in Islam
260 ## - PUBLICATION, DISTRIBUTION, ETC. (IMPRINT)
Name of publisher, distributor, etc. The Reliance Printing Press
Place of publication, distribution, etc. Bombay
650 ## - SUBJECT ADDED ENTRY--TOPICAL TERM
Topical term or geographic name as entry element Religion
9 (RLIN) 24780
942 ## - ADDED ENTRY ELEMENTS (KOHA)
Koha item type Books
Call number prefix 297/Jai
Source of classification or shelving scheme
Holdings
Withdrawn status Lost status Source of classification or shelving scheme Damaged status Not for loan Home library Current library Date acquired Total Checkouts Full call number Barcode Date last seen Uniform Resource Identifier Price effective from Koha item type
          MACL MACL 15/04/2015   297/JAI CLE013552 29/04/2015 36714 15/04/2015 Books